Die Bevölkerungsreichsten Länder im Jahre 2080 - Statistiken

Allgemein
  • Dieses Quiz wurde 290 mal gespielt
  • Das Durchschnittsergebnis liegt bei 22 aus 30
Antwortstatistiken
Platz Land Bevölkerung 2080 % Korrekt
2. China 1.000.000.000
100%
1. Indien 1.660.000.000
98%
5. Vereinigte Staaten 395.000.000
98%
18. Russland 118.000.000
93%
9. Brasilien 205.000.000
91%
7. Indonesien 313.000.000
86%
27. Japan 84.000.000
84%
14. Mexiko 133.000.000
84%
15. Niger 127.000.000
84%
3. Nigeria 510.000.000
82%
6. D.R. Kongo 360.000.000
81%
12. Ägypten 195.000.000
80%
4. Pakistan 460.000.000
80%
28. Südafrika 76.000.000
79%
26. Iran 89.000.000
74%
25. Türkei 90.000.000
73%
11. Bangladesch 198.000.000
72%
8. Äthiopien 295.000.000
67%
23. Vietnam 100.000.000
67%
13. Philippinen 180.000.000
65%
20. Kenia 105.000.000
64%
16. Sudan 122.000.000
64%
22. Irak 101.000.000
63%
10. Tansania 200.000.000
59%
21. Afghanistan 102.000.000
51%
19. Angola 112.000.000
51%
30. Kamerun 75.000.000
51%
24. Mosambik 92.000.000
45%
17. Uganda 120.000.000
45%
29. Elfenbeinküste 75.700.000
34%
Keine übereinstimmenden Quizze gefunden
Verteilung der Resultate
Anzahl Personen mit jedem Resultat
Perzentil nach korrekt beantworteten Fragen
Ihre Resultats-Entwicklung
Sie haben dieses Quiz noch nicht gespielt